000 00559nam a2200193Ia 4500
005 20250508152637.0
008 008 250505s9999 xx 000 0 eng d
037 _aTextual
040 _aFEDL
_beng
_cFEDL
041 _aeng
_2eng
084 _a301.20954, SIN
_qFEDL
100 _aSinger Milton Ed.
245 0 _aTraditional India : Structure and change
260 _aPhiladelphia
_bThe American Folklore Society
_c1959
300 _axxiii,332p.
650 _aSociology
942 _cTEXL
_h301.20954, SIN
999 _c1337772
_d1337772